[Event "Portsmouth op"]
[Site "Portsmouth"]
[Date "2006.02.18"]
[Round "3"]
[White "Mansson, James C"]
[Black "Fysh Foskett, Adam"]
[Result "0-1"]
[WhiteElo "2114"]
[BlackElo "2075"]
[PlyCount "70"]
[EventDate "2006.02.17"]
[EventType "swiss"]
[EventRounds "6"]
[EventCountry "ENG"]
[SourceTitle "CBM 110 Extra"]
[Source "ChessBase"]
[SourceDate "2006.03.10"]
[SourceVersion "2"]
[SourceVersionDate "2006.03.10"]
[SourceQuality "1"]

1. Nf3 d5 2. d4 Nf6 3. c4 e6 4. Nc3 Be7 5. Bg5 h6 6. Bh4 0-0 7. e3 b6 8. Qb3 Bb7 9. Bxf6 Bxf6 10. cxd5 exd5 11. Rd1 c6 12. Bd3 Nd7 13. 0-0 Rc8 14. Bb1 Re8 15. Qc2 g6 16. Qb3 Bg7 17. Rfe1 Nf6 18. a3 Rc7 19. Ne5 Bc8 20. Rc1 Be6 21. Qd1 Nd7 22. f4 Nxe5 23. fxe5 Qd7 24. Bd3 Re7 25. Rf1 Rc8 26. b4 c5 27. Ba6 Rb8 28. Nb5 c4 29. a4 Bg4 30. Qd2 Rf8 31. h3 Bf5 32. Nd6 Bd3 33. Bb5 Qe6 34. e4 Bxe5 35. exd5 Bxd4+ 0-1

[Event "Portsmouth op"]
[Site "Portsmouth"]
[Date "2004.02.20"]
[Round "1"]
[White "Fysh Foskett, Adam"]
[Black "Corkett, Anthony R"]
[Result "1/2-1/2"]
[WhiteElo "2075"]
[BlackElo "2314"]
[PlyCount "134"]
[EventDate "2004.02.20"]
[EventType "swiss"]
[EventRounds "6"]
[EventCountry "ENG"]
[SourceTitle "EXT 2005"]
[Source "ChessBase"]
[SourceDate "2004.11.15"]
[SourceVersion "1"]
[SourceVersionDate "2004.11.15"]
[SourceQuality "1"]

1. e4 c5 2. Nf3 Nc6 3. d4 cxd4 4. Nxd4 g6 5. Nc3 Bg7 6. Be3 Nf6 7. Be2 0-0 8. 0-0 d5 9. exd5 Nxd5 10. Nxd5 Qxd5 11. Bf3 Qa5 12. Nxc6 bxc6 13. Qd2 Qxd2 14. Bxd2 Bf5 15. c3 Rac8 16. Rfe1 e5 17. Be4 Be6 18. Bc2 c5 19. f3 c4 20. b4 cxb3 21. axb3 Rfd8 22. Red1 e4 23. Rxa7 Bxc3 24. Be3 exf3 25. Rxd8+ Rxd8 26. gxf3 Rb8 27. Kg2 Kg7 28. Rc7 Bf6 29. Rc6 Bb2 30. Rd6 Bxb3 31. Bxb3 Rxb3 32. Bd4+ Bxd4 33. Rxd4 h6 34. Rd2 Rb5 35. Ra2 Rb4 36. Rc2 g5 37. h3 Kg6 38. Ra2 h5 39. Rc2 h4 40. Ra2 Kf5 41. Re2 f6 42. Kf2 Rb5 43. Kg2 Re5 44. Ra2 Re6 45. Kf2 Rd6 46. Re2 Kg6 47. Ra2 Kf7 48. Re2 Re6 49. Ra2 Ke7 50. f4 Re4 51. fxg5 Rf4+ 52. Kg2 fxg5 53. Ra5 Kf6 54. Ra6+ Kf5 55. Ra5+ Kg6 56. Ra6+ Kh5 57. Rb6 Ra4 58. Rc6 Ra2+ 59. Kg1 Ra3 60. Kg2 Rg3+ 61. Kh2 Rf3 62. Ra6 Rf2+ 63. Kh1 Rf5 64. Kh2 g4 65. hxg4+ Kxg4 66. Rg6+ Rg5 67. Rxg5+ Kxg5 1/2-1/2

[Event "Portsmouth op"]
[Site "Portsmouth"]
[Date "2003.02.22"]
[Round "4"]
[White "Gilbert, Jessie"]
[Black "Fysh Foskett, Adam"]
[Result "1/2-1/2"]
[WhiteElo "2116"]
[BlackElo "2075"]
[PlyCount "103"]
[EventDate "2003.02.21"]
[EventType "swiss"]
[EventRounds "6"]
[EventCountry "ENG"]
[SourceTitle "EXT 2004"]
[Source "ChessBase"]
[SourceDate "2003.11.25"]
[SourceVersion "1"]
[SourceVersionDate "2003.11.25"]
[SourceQuality "1"]

1. d4 Nf6 2. c4 c5 3. d5 b5 4. f3 g6 5. e4 d6 6. cxb5 Bg7 7. Ne2 a6 8. Nec3 0-0 9. Be2 Qb6 10. a4 axb5 11. Nxb5 Na6 12. 0-0 Nc7 13. Nxc7 Qxc7 14. Nc3 Ba6 15. Bxa6 Rxa6 16. Bd2 Rb8 17. Nb5 Qb7 18. Bc3 Ne8 19. Bxg7 Kxg7 20. b4 cxb4 21. Qd4+ Kg8 22. Rfb1 Rb6 23. Rc1 Nf6 24. Rc7 Rxb5 25. Rxb7 R5xb7 26. a5 Nd7 27. a6 Rb6 28. a7 Ra8 29. Ra4 b3 30. Rb4 Rxb4 31. Qxb4 Rxa7 32. Qxb3 f5 33. Kf2 Kf7 34. Qb5 Rc7 35. Kg3 Ra7 36. Qc6 Nf8 37. Qb6 Ra2 38. Qc7 Re2 39. Qc4 Rb2 40. Qc8 Ra2 41. h4 Ra1 42. Kf4 Ra3 43. g4 h6 44. Qc7 g5+ 45. hxg5 hxg5+ 46. Kg3 Ng6 47. Qc1 Rd3 48. Qc8 Nh4 49. Qe6+ Kf8 50. Kf2 Rxf3+ 51. Ke2 Rc3 52. Qd7 1/2-1/2

[Event "Portsmouth op"]
[Site "Portsmouth"]
[Date "2002.02.09"]
[Round "4"]
[White "Fysh Foskett, Adam"]
[Black "Schlette, Marc"]
[Result "0-1"]
[WhiteElo "2075"]
[BlackElo "2215"]
[PlyCount "102"]
[EventDate "2002.02.08"]
[EventType "tourn"]
[EventRounds "6"]
[EventCountry "ENG"]
[SourceTitle "CBM 086 Extra"]
[Source "ChessBase"]
[SourceDate "2002.03.14"]
[SourceVersion "1"]
[SourceVersionDate "2002.03.14"]
[SourceQuality "1"]

1. e4 g6 2. d4 Bg7 3. c4 d6 4. Nf3 Bg4 5. Be2 Nc6 6. Be3 e5 7. d5 Bxf3 8. Bxf3 Nd4 9. 0-0 Ne7 10. Be2 0-0 11. Nd2 c5 12. a3 f5 13. f3 Qd7 14. b4 b6 15. Bd3 fxe4 16. Nxe4 Nef5 17. Bc1 Bh6 18. Bxh6 Nxh6 19. Ra2 Kg7 20. Qc1 Rf4 21. Raf2 Raf8 22. Nd2 Qe7 23. g3 R4f7 24. Kg2 Ng8 25. Ne4 h6 26. Qb1 Nf5 27. Qc1 Nf6 28. Nxf6 Qxf6 29. Be4 Nd4 30. Qd2 cxb4 31. axb4 Rc7 32. Bd3 Rcf7 33. Be4 Qg5 34. Qxg5 hxg5 35. Rc1 g4 36. f4 exf4 37. gxf4 Rxf4 38. Rxf4 Rxf4 39. Bb1 Nf5 40. Rc3 Rxc4 41. Ra3 Rxb4 42. Rxa7+ Kf6 43. Ba2 Rb2+ 44. Kg1 b5 45. Ra8 b4 46. Bc4 Ne3 47. Bd3 Rd2 48. Be4 Nxd5 49. Rb8 Nf4 50. Rxb4 Nh3+ 51. Kh1 Rd1+ 0-1